Collection of essays = Recueil d'articles / (Record no. 251858)
[ view plain ]
| 000 -LEADER | |
|---|---|
| fixed length control field | 01363cam a2200337 a 4500 |
| 001 - CONTROL NUMBER | |
| control field | 11885229 |
| 003 - CONTROL NUMBER IDENTIFIER | |
| control field | BD-DhUL |
| 005 - DATE AND TIME OF LATEST TRANSACTION | |
| control field | 20200224153513.0 |
| 008 - FIXED-LENGTH DATA ELEMENTS--GENERAL INFORMATION | |
| fixed length control field | 991223s1999 nyu b i000 0 eng d |
| 010 ## - LIBRARY OF CONGRESS CONTROL NUMBER | |
| LC control number | 00273726 |
| 020 ## - INTERNATIONAL STANDARD BOOK NUMBER | |
| International Standard Book Number | 9210330803 |
| 035 ## - SYSTEM CONTROL NUMBER | |
| System control number | (OCoLC)ocm43082997 |
| 037 ## - SOURCE OF ACQUISITION | |
| Stock number | E/F/S.99.V.13 |
| Source of stock number/acquisition | United Nations |
| 040 ## - CATALOGING SOURCE | |
| Original cataloging agency | InIU |
| Transcribing agency | InU-L |
| Modifying agency | DLC |
| -- | BD-DhUL |
| 041 0# - LANGUAGE CODE | |
| Language code of text/sound track or separate title | engfrespa |
| 042 ## - AUTHENTICATION CODE | |
| Authentication code | lccopycat |
| 050 00 - LIBRARY OF CONGRESS CALL NUMBER | |
| Classification number | KZ3092 |
| Item number | .C65 1999 |
| 082 00 - DEWEY DECIMAL CLASSIFICATION NUMBER | |
| Classification number | 341 |
| Item number | UNC |
| Edition number | 21 |
| 110 2# - MAIN ENTRY--CORPORATE NAME | |
| Corporate name or jurisdiction name as entry element | United Nations. |
| Subordinate unit | Office of Legal Affairs. |
| 245 00 - TITLE STATEMENT | |
| Title | Collection of essays = Recueil d'articles / |
| Statement of responsibility, etc. | by legal advisers of states, legal advisers of international organizations and practitioners in the field of international law = de conseillers juridiques d'etats, d'organisations internationales et de praticiens du droit international. |
| 260 ## - PUBLICATION, DISTRIBUTION, ETC. (IMPRINT) | |
| Place of publication, distribution, etc. | New York : |
| Name of publisher, distributor, etc. | United Nations, |
| Date of publication, distribution, etc. | 1999. |
| 300 ## - PHYSICAL DESCRIPTION | |
| Extent | xi, 523 p. ; |
| Dimensions | 22 cm. |
| 500 ## - GENERAL NOTE | |
| General note | At head of title: Office of Legal Affairs. |
| 500 ## - GENERAL NOTE | |
| General note | "United Nations publication. Sales no. E/F/S.99.V.13"--T.p. verso. |
| 504 ## - BIBLIOGRAPHY, ETC. NOTE | |
| Bibliography, etc | Includes bibliographical references. |
| 546 ## - LANGUAGE NOTE | |
| Language note | Essays in English, French, and Spanish. |
| 650 #0 - SUBJECT ADDED ENTRY--TOPICAL TERM | |
| Topical term or geographic name as entry element | International law. |
| 906 ## - LOCAL DATA ELEMENT F, LDF (RLIN) | |
| a | 7 |
| b | cbc |
| c | copycat |
| d | 2 |
| e | ncip |
| f | 20 |
| g | y-gencatlg |
| 942 ## - ADDED ENTRY ELEMENTS (KOHA) | |
| Source of classification or shelving scheme | |
| Koha item type | Books |
| Price effective from | Date last seen | Permanent Location | Not for loan | Date acquired | Source of classification or shelving scheme | Koha item type | Lost status | Withdrawn status | Source of acquisition | Collection code | Damaged status | Shelving location | Barcode | Current Location | Full call number |
|---|---|---|---|---|---|---|---|---|---|---|---|---|---|---|---|
| 2020-02-24 | 2020-02-24 | Dhaka University Library | 2020-02-24 | Books | Gift | Non Fiction | UN Collection | D21386 | Dhaka University Library | 341 UNC |
